Giáo trình giáo dục quốc phòng: Dùng cho sinh viên các trường đại học và cao đẳng.T.2 /
Tài liệu đã được Hội đồng thẩm định liên Bộ Quốc phòng - Giáo dục và Đào tạo - Lao động, Thương binh và Xã hội nghiệm thu. Nội dung sách cập nhật được những vấn đề mới phù hợp với chương trình như: Phòng chống vũ khí hủy diệt lớ...
Zapisane w:
| 1. autor: | |
|---|---|
| Kolejni autorzy: | , , , |
| Format: | Książka |
| Język: | Vietnamese |
| Wydane: |
H. :
Giáo dục ,
2003
|
| Wydanie: | Tái bản lần thứ 2 |
| Hasła przedmiotowe: | |
| Etykiety: |
Dodaj etykietę
Nie ma etykietki, Dołącz pierwszą etykiete!
|
| Thư viện lưu trữ: | Thư viện Trường CĐ Kỹ Thuật Cao Thắng |
|---|
| LEADER | 01428nam a2200253 a 4500 | ||
|---|---|---|---|
| 001 | TVCDKTCT653 | ||
| 003 | Thư viện trường Cao đẳng Kỹ thuật Cao Thắng | ||
| 005 | 20050803000000 | ||
| 008 | 050803 | ||
| 980 | \ | \ | |a Thư viện Trường CĐ Kỹ Thuật Cao Thắng |
| 024 | |a RG_1 #1 eb0 i1 | ||
| 041 | 0 | # | |a vie |
| 082 | # | # | |a 355.007 / |b NG527Đ-gi |
| 100 | 1 | # | |a Nguyễn Hà Minh Đức |
| 245 | 0 | 0 | |a Giáo trình giáo dục quốc phòng: Dùng cho sinh viên các trường đại học và cao đẳng.T.2 / |c Nguyễn Hà Minh Đức, ...[et al.] |
| 250 | # | # | |a Tái bản lần thứ 2 |
| 260 | # | # | |a H. : |b Giáo dục , |c 2003 |
| 300 | # | # | |a 268tr. ; |c 21cm |
| 520 | # | # | |a Tài liệu đã được Hội đồng thẩm định liên Bộ Quốc phòng - Giáo dục và Đào tạo - Lao động, Thương binh và Xã hội nghiệm thu. Nội dung sách cập nhật được những vấn đề mới phù hợp với chương trình như: Phòng chống vũ khí hủy diệt lớn, Ba môn quân sự phối hợp, Giới thiệu một số loại súng bộ binh (PRĐ, B40, CKC, AK)... |
| 650 | # | 4 | |a Quân sự--Giáo dục |
| 700 | 0 | # | |a Đỗ Văn Hiện |
| 700 | 0 | # | |a Nguyễn Mạnh Khuê |
| 700 | 0 | # | |a Nguyễn Đình Lưu |
| 700 | 0 | # | |a Nguyễn Thanh Nghị |